Biggest City in Every U.S. House District on a Map - Statistics

General Stats
  • This quiz has been taken 5,159 times
    5,154 since last reset
  • The average score is 179 of 367
Answers on the Map
Answers color-coded by a green-red scale on the quiz's map according to % correct below.
 
Answer Stats
District City Pop. in District Total Pop. % Correct
CA-29, 30, 32, 34, 36-37, 43 Los Angeles 734,369 3,912,115
95%
NY-5-15 New York 776,972 8,804,190
95%
ME-1 Portland 68,408 68,408
95%
OR-1, 3 Portland 157,348 652,503
95%
WA-7, 9 Seattle 607,385 738,095
95%
TX-24, 30, 32 Dallas 121,297 1,304,379
94%
NV-4 Las Vegas 334,963 643,742
94%
IL-1-7, 9 Chicago 405,168 2,746,388
93%
CO-1 Denver 714,418 715,522
93%
TX-7, 9, 18, 29, 38 Houston 465,623 2,304,580
93%
MI-5 Jackson 31,309 31,309
93%
MS-2 Jackson 129,856 153,701
93%
TN-8 Jackson 68,205 68,205
93%
FL-27 Miami 289,167 442,241
93%
AZ-1, 3, 8 Phoenix 482,168 1,608,139
93%
ID-2 Boise 231,932 235,684
92%
CA-11 San Francisco 760,067 874,993
92%
MO-5-6 Kansas City 424,495 508,090
91%
OK-3, 5 Oklahoma City 205,694 681,054
91%
UT-2 Salt Lake City 127,700 199,723
91%
CA-50-52 San Diego 506,531 1,389,874
91%
NM-1-2 Albuquerque 428,643 564,559
90%
AK Anchorage 291,247 291,247
90%
TX-35, 37 Austin 224,084 961,855
90%
MA-7-8 Boston 497,802 675,647
90%
GA-2 Columbus 175,155 206,922
90%
OH-3, 15 Columbus 546,757 905,748
90%
MI-12-13 Detroit 242,662 639,111
90%
TX-16 El Paso 657,183 978,815
90%
HI-1 Honolulu 350,964 350,964
90%
FL-4-5 Jacksonville 459,228 949,611
90%
MN-5 Minneapolis 429,954 429,954
90%
LA-1-2 New Orleans 64,493 383,997
90%
PA-2-3 Philadelphia 764,865 1,603,797
90%
GA-5-6 Atlanta 351,343 498,715
89%
NY-26 Buffalo 278,349 278,349
89%
IN-6-7 Indianapolis 210,581 887,642
89%
TN-5-7 Nashville 333,627 689,447
89%
TX-20-21, 23 San Antonio 642,816 1,434,625
89%
WI-4 Milwaukee 577,222 577,222
88%
NE-2 Omaha 486,051 486,051
88%
FL-9-10 Orlando 225,262 307,573
88%
PA-12 Pittsburgh 302,971 302,971
88%
CA-6-7 Sacramento 188,100 526,520
88%
FL-14-15 Tampa 287,435 384,959
88%
OH-1 Cincinnati 309,317 309,317
87%
OH-11 Cleveland 372,624 372,624
87%
NV-2 Reno 264,576 264,576
87%
MO-1 St. Louis 301,578 301,578
87%
AZ-6-7 Tucson 233,018 542,629
87%
AR-2 Little Rock 182,222 202,591
86%
TN-9 Memphis 598,729 633,104
86%
CA-16-19 San Jose 297,413 1,015,683
86%
IL-13 Springfield 95,885 114,394
86%
MA-1 Springfield 155,929 155,929
86%
MO-7 Springfield 169,176 169,176
86%
NY-20 Albany 99,224 99,224
85%
MD-7 Baltimore 559,226 589,579
85%
NC-8, 12, 14 Charlotte 709,319 874,579
85%
NE-1 Lincoln 291,082 291,082
85%
MN-4 St. Paul 311,527 311,527
85%
LA-5-6 Baton Rouge 52,545 227,470
84%
SC-6 Charleston 101,517 150,227
84%
WV-1 Charleston 48,864 48,864
84%
CO-5 Colorado Springs 478,961 478,961
84%
IA-3 Des Moines 213,921 214,133
84%
KY-3 Louisville 601,548 633,045
84%
WI-2 Madison 269,840 269,840
84%
NM-3 Santa Fe 87,505 87,505
84%
OK-1 Tulsa 407,244 413,066
84%
AL-7 Birmingham 187,205 200,733
83%
WY Cheyenne 65,132 65,132
83%
TX-12, 33 Fort Worth 443,783 918,915
83%
NC-2 Raleigh 464,574 467,665
83%
VA-4 Richmond 228,501 228,501
82%
FL-2 Tallahassee 196,169 196,169
82%
NC-10 Winston-Salem 215,596 249,545
82%
MN-1 Rochester 121,395 121,395
81%
NY-25 Rochester 211,328 211,328
81%
WA-5 Spokane 229,845 229,845
81%
OR-6 Salem 175,535 175,535
80%
VA-2 Virginia Beach 460,268 460,268
80%
KS-4 Wichita 397,532 397,532
80%
ND Fargo 125,990 125,990
79%
AL-2 Mobile 200,603 200,603
79%
RI-1-2 Providence 95,322 190,934
79%
SD Sioux Falls 192,517 192,517
79%
CA-21 Fresno 399,472 544,575
78%
CA-12 Oakland 441,891 441,891
78%
GA-12 Augusta 202,081 202,081
77%
MT-2 Billings 117,116 117,116
77%
OH-9 Toledo 270,871 270,871
77%
KS-2 Topeka 126,587 126,587
77%
MD-3 Columbia 104,786 104,786
76%
MO-3-4 Columbia 77,138 126,254
76%
SC-2 Columbia 48,685 136,632
76%
WI-8 Green Bay 107,395 107,395
76%
NJ-10 Newark 195,087 310,191
76%
OH-12 Newark 49,934 49,934
76%
GA-1 Savannah 147,780 147,780
76%
TX-27 Corpus Christi 317,863 317,863
75%
CT-1 Hartford 121,054 121,054
75%
KY-6 Lexington 322,570 322,570
75%
PA-16 Erie 94,831 94,831
74%
NY-22 Syracuse 116,937 116,937
74%
TX-6, 25 Arlington 273,994 394,226
73%
VA-8 Arlington 238,714 238,714
73%
OH-13 Akron 190,469 190,469
72%
MI-3 Grand Rapids 198,917 198,917
72%
MI-7 Lansing 112,644 112,644
72%
TX-19 Amarillo 257,141 257,141
71%
CA-20, 22 Bakersfield 171,722 405,161
71%
OH-10 Dayton 137,644 137,644
71%
MN-8 Duluth 86,697 86,697
71%
TN-2 Knoxville 190,740 190,740
71%
UT-3 Provo 115,162 115,162
71%
DE Wilmington 70,898 70,898
71%
NC-7 Wilmington 115,451 115,451
71%
OR-4 Eugene 176,654 176,654
70%
PA-10 Harrisburg 50,099 50,099
70%
CO-6 Aurora 386,261 386,261
69%
IL-11 Aurora 124,248 180,542
69%
WA-6, 10 Tacoma 97,036 220,635
69%
VT Burlington 44,743 44,743
68%
NC-4 Durham 283,237 283,506
67%
AZ-2 Flagstaff 76,831 76,831
67%
NJ-8 Jersey City 148,593 293,190
67%
TX-13 Lubbock 200,393 200,393
67%
AZ-4 Mesa 373,401 504,258
67%
CA-42, 44 Long Beach 265,524 468,894
66%
CT-3 New Haven 134,023 134,023
66%
IN-3 Fort Wayne 263,886 263,886
65%
AL-5 Huntsville 215,006 215,006
65%
NH-1 Manchester 115,644 115,644
65%
VA-3 Norfolk 239,956 239,956
65%
NJ-12 Trenton 89,485 89,485
65%
TN-3 Chattanooga 181,099 181,099
64%
NC-5 Greensboro 224,189 299,035
64%
LA-4 Shreveport 72,629 187,593
64%
AR-3 Fayetteville 93,949 93,949
63%
NC-9 Fayetteville 129,145 208,501
63%
NV-1 Henderson 314,404 317,957
63%
PA-8 Scranton 76,328 76,238
62%
TX-34 Brownsville 186,738 186,738
61%
TX-28 Laredo 255,205 255,205
61%
CA-39 Riverside 309,179 316,445
61%
WA-3 Vancouver 191,403 191,403
61%
NY-16 Yonkers 211,569 211,569
61%
MI-6 Ann Arbor 123,851 123,851
60%
IN-4 Lafayette 70,783 70,783
60%
LA-3 Lafayette 84,924 121,374
60%
CA-33 San Bernardino 217,640 223,189
60%
TX-17 Waco 138,486 138,486
59%
GA-10 Athens 127,315 127,315
58%
IA-2 Cedar Rapids 137,710 137,710
58%
TX-15 McAllen 140,193 142,210
58%
MA-2 Worcester 206,518 206,518
58%
OR-5 Bend 99,178 99,178
57%
CA-10 Concord 125,617 125,617
57%
IN-2 South Bend 103,453 103,453
57%
MT-1 Missoula 73,489 73,489
56%
IA-4 Sioux City 85,797 85,797
56%
CA-9 Stockton 322,344 322,344
56%
CT-4 Bridgeport 148,654 148,654
55%
MI-8 Flint 81,252 81,252
55%
HI-2 Hilo 44,186 44,186
55%
FL-1 Pensacola 54,312 54,312
55%
PA-7 Allentown 125,845 125,845
54%
NC-11 Asheville 94,589 94,589
54%
CO-2 Fort Collins 169,810 169,810
54%
UT-1 Ogden 87,321 87,321
52%
IN-8 Evansville 117,298 117,298
51%
NC-3 Greenville 87,521 87,521
51%
SC-4 Greenville 70,720 70,720
51%
CA-47 Irvine 307,958 307,958
51%
CA-46 Santa Ana 311,393 311,393
51%
IA-1 Davenport 101,724 101,724
50%
FL-3 Gainesville 141,085 141,085
50%
GA-9 Gainesville 38,302 42,296
50%
WI-1 Kenosha 99,986 99,986
49%
CO-3 Pueblo 111,876 111,876
48%
IL-16 Bloomington 33,987 78,680
46%
IN-9 Bloomington 79,168 79,168
46%
MN-3 Bloomington 89,987 89,987
46%
WI-3 Eau Claire 69,421 69,421
46%
PA-11 Lancaster 58,039 58,039
46%
CA-28 Pasadena 130,262 139,254
46%
TX-4 Plano 139,474 285,494
46%
VA-6 Roanoke 100,680 100,680
46%
IL-17 Rockford 113,285 148,655
46%
FL-19 Cape Coral 194,016 194,016
45%
OK-4 Norman 128,026 128,026
45%
KS-3 Overland Park 197,238 197,238
45%
MS-4 Gulfport 72,926 72,926
44%
OH-6 Youngstown 60,068 60,068
44%
TX-10 College Station 120,511 120,511
43%
WA-4 Yakima 97,394 97,394
43%
KY-2 Bowling Green 72,294 72,294
42%
FL-26 Hialeah 223,109 223,109
42%
MI-4 Kalamazoo 73,598 73,598
42%
MI-1 Marquette 20,629 20,629
42%
CA-5 Modesto 169,495 219,251
41%
NH-2 Nashua 91,322 91,322
41%
FL-21 Port St. Lucie 204,851 204,851
39%
WA-2 Everett 111,140 111,140
38%
AZ-5 Gilbert 267,918 267,918
38%
WV-2 Morgantown 30,347 30,347
38%
CA-27 Santa Clarita 229,158 229,158
38%
FL-13 Clearwater 117,292 117,292
37%
IL-14 Joliet 146,507 150,362
37%
KS-1 Lawrence 94,934 94,934
37%
ID-1 Meridian 111,898 117,635
37%
MS-3 Meridian 35,052 35,052
37%
TX-1 Tyler 105,995 105,995
37%
CA-14 Fremont 169,769 230,649
36%
CA-26 Oxnard 202,614 202,614
36%
CA-4 Santa Rosa 141,890 178,515
36%
MN-6 St. Cloud 68,881 68,881
36%
AL-3 Auburn 76,143 76,143
35%
OR-2 Medford 85,824 85,824
35%
TN-4 Murfreesboro 152,769 152,769
35%
WI-6 Oshkosh 66,816 66,816
35%
MA-3 Lowell 115,554 115,554
34%
PA-6 Reading 95,112 95,112
34%
VA-5 Lynchburg 79,307 79,307
33%
NJ-9 Paterson 160,702 160,702
33%
NY-18 Poughkeepsie 45,471 45,471
33%
NY-19 Binghamton 47,969 47,969
32%
PA-15 State College 40,501 40,501
32%
IN-5 Carmel 99,757 99,757
31%
NE-3 Grand Island 53,131 53,131
31%
TX-11 Killeen 152,408 153,095
31%
FL-18 Lakeland 62,708 112,641
31%
CO-7 Lakewood 155,984 155,984
31%
CA-49 Oceanside 174,578 174,578
31%
CA-1 Chico 101,823 101,823
30%
AR-1 Jonesboro 78,576 78,576
30%
UT-4 West Jordan 116,961 116,961
30%
VA-9 Blacksburg 44,866 44,866
29%
ME-2 Lewiston 37,121 37,121
29%
CA-35 Ontario 175,837 175,837
29%
GA-14 Rome 37,713 37,713
29%
TX-22 Sugar Land 67,187 111,026
29%
TX-5 Garland 187,387 246,018
28%
TN-1 Johnson City 71,076 71,076
28%
MA-9 New Bedford 101,079 101,079
28%
IL-15 Quincy 39,463 39,463
28%
MI-10 Warren 139,387 139,387
28%
WI-5 Waukesha 71,158 71,158
28%
CA-24 Santa Maria 110,136 110,136
27%
AZ-9 Surprise 109,081 143,148
27%
PA-13 Altoona 43,963 43,963
26%
AL-4 Florence 40,184 40,184
26%
SC-7 Florence 39,899 39,899
26%
TX-3 McKinney 168,388 195,308
25%
CA-13 Merced 86,681 86,681
25%
AR-4 Pine Bluff 41,253 41,253
25%
CA-15 San Mateo 105,804 105,804
25%
MI-11 Troy 87,294 87,294
25%
GA-8 Valdosta 55,378 55,378
25%
CT-5 Waterbury 94,645 114,403
25%
MO-8 Cape Girardeau 39,540 39,540
24%
AL-1 Dothan 71,072 71,072
24%
MA-4 Fall River 94,000 94,000
24%
MA-6 Lynn 101,253 101,253
24%
IL-8 Elgin 91,055 114,797
23%
NC-6 High Point 113,993 114,059
23%
KY-4 Covington 40,961 40,961
22%
GA-11 Marietta 59,559 60,972
22%
CA-8 Vallejo 126,496 126,496
22%
NJ-3 Hamilton 92,406 92,406
21%
OH-8 Hamilton 63,399 63,399
21%
NY-4 Hempstead 741,942 741,942
21%
FL-28 Homestead 80,737 80,737
21%
TX-2 The Woodlands 114,047 114,436
21%
CO-8 Thornton 141,867 141,867
21%
NY-24 Watertown 24,685 24,685
21%
IL-10 Waukegan 89,321 89,321
21%
IN-1 Hammond 77,879 77,879
20%
FL-24 Miami Gardens 111,640 111,640
20%
CA-23 Victorville 131,417 131,417
20%
CA-41 Corona 146,743 157,679
19%
NJ-6 Edison 107,688 107,688
19%
MI-2 Mt. Pleasant 21,688 21,688
19%
SC-1 Mt. Pleasant 90,801 90,801
19%
FL-8 Palm Bay 119,760 119,760
19%
CA-3 Roseville 147,969 147,969
19%
FL-23 Coral Springs 134,394 134,394
18%
AL-6 Hoover 55,440 92,606
18%
WA-1 Kirkland 92,201 92,201
18%
MN-7 Moorhead 44,505 44,505
18%
FL-25 Pembroke Pines 171,178 171,178
18%
MD-8 Silver Spring 81,069 81,069
18%
TX-31 Temple 82,073 82,073
18%
WI-7 Wausau 39,994 39,994
18%
FL-7 Deltona 93,692 93,692
17%
NV-3 Enterprise 222,045 222,045
17%
SC-5 Rock Hill 74,372 74,372
17%
MS-1 Southaven 54,648 54,648
17%
NJ-2 Vineland 61,002 61,002
17%
CA-45 Garden Grove 172,200 172,346
16%
TX-14 League City 111,865 114,392
16%
OH-7 Parma 81,146 81,146
16%
CA-2 San Rafael 61,333 61,333
16%
PA-9 Williamsport 27,325 27,754
16%
SC-3 Anderson 28,106 28,106
15%
TX-8 Conroe 80,450 89,956
15%
VA-10 Leesburg 48,321 48,321
15%
OH-5 Lorain 65,211 65,211
15%
OH-4 Mansfield 47,534 47,534
15%
CA-48 Murrieta 111,187 111,187
15%
CA-38 Norwalk 103,180 103,180
15%
IL-12 O'Fallon 22,337 32,289
15%
MO-2 O'Fallon 51,855 91,316
15%
GA-7 Roswell 92,833 92,833
15%
FL-11 The Villages 69,845 79,077
15%
KY-5 Ashland 21,625 21,625
14%
FL-6 Palm Coast 89,298 89,298
14%
NC-1 Rocky Mount 53,341 53,341
14%
NJ-4 Toms River 95,515 95,515
14%
TX-26 Lewisville 110,513 111,822
13%
MA-5 Framingham 72,362 72,362
12%
MD-6 Germantown 91,347 91,347
12%
CA-40 Mission Viejo 93,760 93,760
12%
FL-17 North Port 74,793 74,793
12%
FL-20 Sunrise 97,335 97,335
12%
MD-2 Towson 59,593 59,593
12%
CA-31 El Monte 109,905 109,905
11%
NY-2 Islip 339,438 339,938
11%
OK-2 Bartlesville 37,282 37,290
10%
TX-36 Baytown 82,488 83,701
10%
MD-1 Bel Air South 57,699 57,699
10%
NJ-1 Cherry Hill 74,590 74,590
10%
MN-2 Eagan 68,855 68,855
10%
CO-4 Highlands Ranch 103,444 103,444
10%
WA-8 Sammamish 67,460 67,460
10%
OH-2 Chillicothe 22,059 22,059
9%
CA-25 Hemet 90,349 90,349
9%
NC-13 Sanford 30,621 30,621
9%
FL-22 Boynton Beach 80,380 80,380
8%
NY-1 Brookhaven 343,557 485,773
8%
NJ-5 Hackensack 46,100 46,100
8%
OH-14 Mentor 47,450 47,450
8%
FL-12 Spring Hill 113,568 113,568
8%
MD-5 Waldorf 81,581 81,581
8%
KY-1 Hopkinsville 31,180 31,180
7%
MI-9 Macomb 68,947 91,663
7%
NY-23 Hamburg 60,085 60,085
6%
NY-3 North Hempstead 237,639 237,639
6%
VA-11 Centreville 73,573 73,573
5%
CT-2 Enfield 42,141 42,141
5%
GA-3 Newnan 42,549 42,549
5%
FL-16 Riverview 107,396 107,396
5%
NJ-11 Bloomfield 53,150 53,150
4%
VA-7 Dale City 72,278 72,278
4%
GA-4 Stonecrest 59,194 59,194
4%
VA-1 Tuckahoe 48,126 48,126
4%
PA-1 Bensalem 62,707 62,707
3%
NJ-7 Bridgewater 41,778 45,991
3%
PA-17 Penn Hills 41,059 41,059
3%
NY-21 Queensbury 23,691 23,691
3%
GA-13 Stockbridge 28,973 28,973
3%
PA-5 Upper Darby 85,681 85,681
3%
MD-4 Chillum 36,105 36,105
2%
NY-17 Ramapo 148,919 148,919
2%
PA-4 Abington 58,502 58,502
1%
PA-14 Hempfield 32,862 41,466
1%
No matching quizzes found
Score Distribution
Percent of People with Each Score
Percentile by Number Answered
Your Score History
You have not taken this quiz since the last reset